000 00804nam a2200265Ia 4500
003 OSt
005 20220918170342.0
006 a|||||r|||| 00| 0
007 ta
008 220917b |||||||| |||| 00| 0 eng d
020 _a9780198803515 (pbk)
_cINR 250.00
024 _a348,651
037 _bIN3751/18-19, 15/03/2019, R. K. Books
_cTextual
040 _aARTS
_cARTS
_beng
041 _2eng
_aeng
082 _aV1.A, Q8
100 _aGosden Chris Au.
_928504
245 0 _aPrehistory
_b very short introduction
250 _a2nd
260 _aOxford
_bOxford University Press UK
_c2018
300 _axviii,131p.
_ccm.
650 _aHISTORY; WORLD HISTORY
_97621
942 _hV1.A, Q8
_cTEXL
_2CC
999 _c133757
_d133757